Normal view
MARC view
Entry Personal Name
001 - CONTROL NUMBER
- control field: 50561
003 - CONTROL NUMBER IDENTIFIER
- control field: dpl
005 - DATE AND TIME OF LATEST TRANSACTION
- control field: 20120727122652.0
008 - FIXED-LENGTH DATA ELEMENTS
- fixed length control field: 120727|||a|||||| | ||| d
040 ## - CATALOGING SOURCE
- Original cataloging agency: dpl
- Transcribing agency: dpl
100 ## - HEADING--PERSONAL NAME
- Personal name: Funk, Wilfred.
670 ## - SOURCE DATA FOUND
- Source citation: Work cat.: (dpl)68522: Funk, Wilfred., Six Weeks to Words of Power/, 1986
670 ## - SOURCE DATA FOUND
- Source citation: Work cat.: (dpl)68522: Funk, Wilfred., Six Weeks to Words of Power/, 1986
